000 00487nam a22001817a 4500
003 DO-SdBNP
005 20210913144153.0
007 ta
008 210913b 2003 dr 00| 0 eng d
040 _aDO-SdBNP
_bspa
_cBNPHU
100 1 _aKury, Farid
_979852
245 1 _aPeña Gómez :
_bbiografía para estudiantes /
_cFarid Kury
260 _aSanto Domingo :
_bCentenario,
_c2003.
300 _a186 p. ;
_c21 cm.
590 _aInventariado, 2021/BT
910 _aBtavárez
942 _2ddc
_cLBS1
999 _c50484
_d50484